000
00245nam a2200097Ia 4500
001
686101
005
20250826161530.0
008
250824s9999 xx 000 0 und d
245
0
_a
İçimizdeki Biz
_c
DOĞAN CÜCELOĞLU
260
_b
REMZİ KİTABEVİ
999
_c
686101
_d
686101